000 00645cam a2200217 4500500
005 20260405003322.0
041 _afre
042 _adc
100 1 0 _aPépin, Charles
_eauthor
245 0 0 _a“L’indépendance est-elle vraiment possible ?”
260 _c2021.
500 _a66
690 _aCharles Pépin
690 _aHabitude
690 _aIndépendance
690 _aIsolation
690 _aRépétition
690 _aSolitude
786 0 _nPhilosophie magazine | 151 | 8 | 2021-07-01 | p. 8-9 | 1951-1787
856 4 1 _uhttps://shs.cairn.info/magazine-philosophie-magazine-2021-6-page-8?lang=fr&redirect-ssocas=7080
999 _c2066479
_d2066478